000 00377pam a2200157a 44500
008 230515b1982 xxu||||| |||| 00| 0 eng d
020 _aNULL
041 _aENGLISH
082 _a610.72/RON
100 _aG RONALD
245 _aDESIGNING A REARCH PROJECT
250 _a0
260 _aDELHI
_bVAN NOSTRAND REINHOLD COMPANY LTD
_c1982
300 _aXIII-193
650 _aNULL
999 _c655010
_d655010